Statistics for Fast typing (animals) in 1m

Click here to take the quiz!

General Stats

  • This quiz has been taken 106 times
  • The average score is 14 of 15

Answer Stats

WriteAnswer% Correct
antant
99%
elephantelephant
99%
catcat
97%
dogdog
97%
fishfish
97%
giraffegiraffe
97%
monkeymonkey
97%
turtleturtle
97%
armadilloarmadillo
96%
kangarookangaroo
96%
koalakoala
96%
rabbitrabbit
96%
wallabywallaby
96%
chimpanzeechimpanzee
94%
guinea pigguinea pig
94%

Score Distribution

Percentile by Number Answered

Percent of People with Each Score

Your Score History

You have not taken this quiz